Afrikanische Binnenstaaten - Sudden Death - Statistiken

Allgemein
  • Dieses Quiz wurde 224 mal gespielt
  • Das Durchschnittsergebnis liegt bei 8 aus 16
Answers on the Grid
Answers color-coded by a green-red scale on the quiz's grid according to % correct below.
Äthiopien🇪🇹
Botswana🇧🇼
Burkina Faso🇧🇫
Burundi🇧🇮
Lesotho🇱🇸
Eswatini🇸🇿
Malawi🇲🇼
Mali🇲🇱
Niger🇳🇪
Ruanda🇷🇼
Sambia🇿🇲
Simbabwe🇿🇼
Südsudan🇸🇸
Tschad🇹🇩
Uganda🇺🇬
Z.A.R.🇨🇫
Mauretanien🇲🇷
Sudan🇸🇩
Republik Kongo🇨🇬
Kasachstan🇰🇿
Namibia🇳🇦
Liberia🇱🇷
Gambia🇬🇲
Äquatorialguinea🇬🇶
Guinea🇬🇳
Guinea-Bissau🇬🇼
Dschibuti🇩🇯
Madagaskar🇲🇬
D.R. Kongo🇨🇩
Gabun🇬🇦
Kamerun🇨🇲
Sierra Leone🇸🇱
Benin🇧🇯
Togo🇹🇬
Laos🇱🇦
Eritrea🇪🇷
 
Antwortstatistiken
Antwort % Korrekt
Tschad🇹🇩
62%
Niger🇳🇪
60%
Ruanda🇷🇼
60%
Burundi🇧🇮
55%
Südsudan🇸🇸
55%
Lesotho🇱🇸
54%
Mali🇲🇱
54%
Uganda🇺🇬
54%
Eswatini🇸🇿
52%
Malawi🇲🇼
52%
Burkina Faso🇧🇫
49%
Botswana🇧🇼
48%
Simbabwe🇿🇼
48%
Z.A.R.🇨🇫
48%
Sambia🇿🇲
46%
Äthiopien🇪🇹
41%
Keine übereinstimmenden Quizze gefunden
Verteilung der Resultate
Anzahl Personen mit jedem Resultat
Perzentil nach korrekt beantworteten Fragen
Ihre Resultats-Entwicklung
Sie haben dieses Quiz noch nicht gespielt